|
|
|
|
| LEADER |
00000nam a2200000 a 4500 |
| 001 |
vtls011636477 |
| 003 |
SK-MaSNL |
| 005 |
20260302091304.0 |
| 008 |
240318t1589 xx a 000 0 ger |
| 015 |
|
|
|a SNBHFA1589
|
| 035 |
|
|
|a 2153AEE4-B720-4FF8-901C-76E0136B2136
|
| 035 |
|
|
|a urn:nbn:sk:snk-amyctz
|
| 035 |
|
|
|a urn:nbn:sk:snk-am00chsg
|
| 040 |
|
|
|a SNKHF
|b slo
|c SDKK
|e AACR2
|
| 041 |
1 |
|
|a ger
|h lat
|
| 100 |
1 |
|
|a Hunnius, Aegidius,
|d 1550-1603
|4 aut
|9 161248
|
| 240 |
1 |
0 |
|a Abfertingung
|
| 245 |
1 |
0 |
|a Warhaffter gründtlicher Bericht Von rechter/ ordenlicher Wahl vnnd Beruff der Euangelischen Prediger. Darzu fürnemlich angezeiget wirdt/ durch welche Personene/ vermög Gottes worts vnd Exempel der Ersten Kirchen/ selbiger soll verrichtet werden. Erstlich: Durch Ehrwürdigen/ Hochgelehrten Herren Egidium Hunn/ der H. Schrifft Doctorn vnd Professorn/ bey der Hohenschul Marpurg in Hessen/ in Latein gestelt/ vnd in Truck verfertiget. Jetz aber: Den Euangelischen Kirchen/ bey welchem solcher Beruff diser zeit streitig/ zu nothwendigem Bericht/ trewlich ins Teutsch gebracht
|
| 260 |
|
|
|a [B.m.]
|b [b.t.]
|c Anno M.D.LXXXIX. [=1589]
|
| 300 |
|
|
|a A4-B4, C2 [=10] l.
|c 4°
|
| 501 |
|
|
|a Príväzok 2. k: ANDREAE, Jakob st. Abfertigung Des Ungegründten Gegenberichts der zu Regenspurg Anno 1587. Tübingen : bey Georgen Gruppenbach, Anno 1589, 4°.
|5 SNK IC 143280
|
| 510 |
4 |
|
|a VD 16 H/6138
|
| 700 |
1 |
|
|a Zaiová, Margita,
|d 1868-1937
|4 own
|9 186369
|
| 700 |
1 |
|
|a Kadarász, Ernest
|4 oth
|9 302455
|
| 852 |
|
|
|a SNK
|b Zaiova knižnica: Zay 3384, prív. 2.
|p IC 143280
|
| 958 |
|
|
|a ONDV
|
| 999 |
|
|
|c 1199936
|d 1201866
|
| 952 |
|
|
|t Zay 3384
|a SNK
|b SNK
|c SNK_HF
|y PREZ
|7 0
|p 17A1130444
|o snkIC 143280/prív.2
|i snk2017/14017
|8 5
|0 0
|1 0
|4 0
|d 2017-06-15
|f 1
|l 0
|r 2026-02-24 22:39:22
|w 2026-02-24
|